Statistics for Spain First Level Subdivisions

Click here to take the quiz!

General Stats

  • This quiz has been taken 391 times
  • The average score is 14 of 22

Answer Stats

Comunidades autónomas% Correct
Madrid
96%
Catalonia
92%
Andalusia
85%
Castille and Léon
82%
Aragon
81%
Basque
78%
Galicia
78%
Valencia
78%
Canary Islands
76%
Balearic Islands
73%
Castilla-La Mancha
72%
Extremadura
72%
Ceuta
70%
Murcia
70%
Asturias
66%
Navarre
66%
Mellilla
63%
Cantabria
59%
La Rioja
57%
Islas Alhucemas
11%
Islas Chafarinas
9%
Peñón de Vélez de la Gomera
9%

Score Distribution

Percentile by Number Answered

Percent of People with Each Score

Your Score History

You have not taken this quiz